「一回だけ使用されている文字」九州沖縄編 - Statistics

General Stats
  • This quiz has been taken 316 times
  • The average score is 42 of 53
Answer Stats
文字 県名 解答欄 % Correct
沖縄県 那覇市
98%
沖縄県 沖縄市
97%
福岡県 太宰府市
97%
佐賀県 唐津市
97%
長崎県 諫早市
97%
鹿児島県 奄美市
96%
佐賀県 嬉野市
96%
鹿児島県 指宿市
96%
長崎県 対馬市
96%
鹿児島県 枕崎市
96%
沖縄県 名護市
96%
長崎県 壱岐市
95%
福岡県 宗像市
95%
鹿児島県 霧島市
95%
沖縄県 宜野湾市
92%
鹿児島県 与論町
92%
鹿児島県 姶良市
91%
熊本県 球磨村
91%
沖縄県 読谷村
91%
熊本県 人吉市
90%
沖縄県 恩納村
88%
佐賀県 玄海町
88%
鹿児島県 薩摩川内市
86%
沖縄県 糸満市
82%
福岡県 苅田町
81%
鹿児島県 肝付町
81%
宮崎県 えびの市
78%
福岡県 粕屋町
78%
鹿児島県 曽於市
77%
福岡県 うきは市
76%
鹿児島県 喜界町
75%
佐賀県 基山町
75%
鹿児島県 西之表市
75%
宮崎県 高鍋町
74%
佐賀県 神埼市
74%
長崎県 東彼杵町
73%
福岡県 志免町
70%
宮崎県 都農町
70%
熊本県 苓北町
70%
宮崎県 椎葉村
68%
長崎県 時津町
66%
長崎県 小値賀町
66%
鹿児島県 南大隅町
66%
鹿児島県 宇検村
63%
福岡県 大刀洗町
63%
福岡県 大任町
63%
熊本県 産山村
62%
宮崎県 日之影町
62%
福岡県 みやこ町
61%
沖縄県 伊是名村
61%
宮崎県 三股町
61%
福岡県 鞍手町
59%
大分県 玖珠町
56%
No matching quizzes found
Score Distribution
Percent of People with Each Score
Percentile by Number Answered
Your Score History
You have not taken this quiz